Chemical kinetics / (Record no. 7159)

MARC details
000 -LEADER
fixed length control field 00704cam a2200253 a 4500
001 - CONTROL NUMBER
control field 2878889
003 - CONTROL NUMBER IDENTIFIER
control field OSt
005 - DATE AND TIME OF LATEST TRANSACTION
control field 20210907145841.0
008 - FIXED-LENGTH DATA ELEMENTS--GENERAL INFORMATION
fixed length control field 860717s1987 nyuac b 001 0 eng
010 ## - LIBRARY OF CONGRESS CONTROL NUMBER
LC control number 86018447
020 ## - INTERNATIONAL STANDARD BOOK NUMBER
International Standard Book Number 0060438622
040 ## - CATALOGING SOURCE
Original cataloging agency DLC
Transcribing agency DDC
Modifying agency DLC
050 00 - LIBRARY OF CONGRESS CALL NUMBER
Classification number QD501
Item number .L17 1987
082 00 - DEWEY DECIMAL CLASSIFICATION NUMBER
Classification number 541.3LAI1987
100 1# - MAIN ENTRY--PERSONAL NAME
Personal name Laidler, Keith James,
Dates associated with a name 1916-
9 (RLIN) 14737
245 10 - TITLE STATEMENT
Title Chemical kinetics /
Statement of responsibility, etc. Laider,Keith J.
250 ## - EDITION STATEMENT
Edition statement 3rd ed.
260 ## - PUBLICATION, DISTRIBUTION, ETC. (IMPRINT)
Place of publication, distribution, etc. New York :
Name of publisher, distributor, etc. Harper & Row,
Date of publication, distribution, etc. c1987.
300 ## - PHYSICAL DESCRIPTION
Extent xi,531p.
Other physical details ill.
Dimensions 25 cm.
504 ## - BIBLIOGRAPHY, ETC. NOTE
Bibliography, etc Includes; references and index.
650 #0 - SUBJECT ADDED ENTRY--TOPICAL TERM
Topical term or geographic name as entry element Chemistry
9 (RLIN) 797
906 ## - LOCAL DATA ELEMENT F, LDF (RLIN)
a 7
b cbc
c orignew
d 1
e ocip
f 19
g y-gencatlg
942 ## - ADDED ENTRY ELEMENTS (KOHA)
Source of classification or shelving scheme Dewey Decimal Classification
Koha item type Open Shelf
Holdings
Withdrawn status Lost status Source of classification or shelving scheme Damaged status Not for loan Home library Current library Date acquired Source of acquisition Inventory number Total Checkouts Full call number Barcode Date last seen Koha item type
    Dewey Decimal Classification     MUST Main Library MUST Main Library 07/09/2021 Purchase 12/36978   541.3LAI1987 2021-0926 07/09/2021 Open Shelf
    Dewey Decimal Classification     MUST Main Library MUST Main Library 07/09/2021 Purchase 12/36979   541.3LAI1987 2021-0927 07/09/2021 Open Shelf